The A B C`S of the Bauhaus and Design Theory (Record no. 241001)

MARC details
000 -LEADER
fixed length control field 00341pam a2200133 a 4500
020 ## - INTERNATIONAL STANDARD BOOK NUMBER
Terms of availability
041 ## - LANGUAGE CODE
Language code of original
082 ## - DEWEY DECIMAL CLASSIFICATION NUMBER
Classification number 741.6
Item number LUP
100 ## - MAIN ENTRY--PERSONAL NAME
Personal name Ellen Lupton and Abbott millon.
245 ## - TITLE STATEMENT
Title The A B C`S of the Bauhaus and Design Theory
Medium Textual Documents
260 ## - PUBLICATION, DISTRIBUTION, ETC.
Place of publication, distribution, etc. [s.l]:
Name of publisher, distributor, etc. Thames and Hudson
300 ## - PHYSICAL DESCRIPTION
Extent 62:
Other physical details paper.
930 ## - EQUIVALENCE OR CROSS-REFERENCE-UNIFORM TITLE HEADING [LOCAL, CANADA]
Uniform title 7211
Holdings
Withdrawn status Lost status Damaged status Not for loan Collection Home library Current library Date acquired Source of acquisition Cost, normal purchase price Total Checkouts Full call number Barcode Date last seen Copy number Price effective from Koha item type
          College of Fine Arts, Pune College of Fine Arts, Pune 12/12/2015 Bhararti Sahakari Grahak Bhandar 1391.00   741.6 LUP FAP-7687 07/03/2023 1 07/03/2023 Book